| 000 | 01032nam a22003017a 4500 | ||
|---|---|---|---|
| 003 | EG-ScBUE | ||
| 005 | 20220818114941.0 | ||
| 008 | 100314t2008 enkabe f b 000 0 eng d | ||
| 020 | _a9780750685023 | ||
| 040 |
_aEG-ScBUE _beng _erda _cEG-ScBUE _dEG-ScBUE |
||
| 082 | 0 | 4 |
_222 _a720.3 _bDAV |
| 100 | 1 |
_912652 _aDavies, Nikolas, _eauthor. |
|
| 245 | 1 | 0 |
_aDictionary of architecture and building construction / _cNikolas Davies and Erkki Jokiniemi. |
| 264 | 1 |
_aOxford : _bElsevier/Architectural Press, _c[2008] |
|
| 264 | 4 | _cc2008 | |
| 300 |
_aix, 726 pages : _billustrations, maps, plans ; _c26 cm |
||
| 336 |
_2rdacontent _atext _btxt |
||
| 337 |
_2rdamedia _aunmediated _bn |
||
| 338 |
_2rdacarrier _avolume _bnc |
||
| 504 | _aIncludes bibliographical references. | ||
| 650 | 7 |
_912653 _aArchitecture _vDictionaries. _2BUEsh |
|
| 650 | 7 |
_912654 _aBuilding _vDictionaries. _2BUEsh |
|
| 651 | _2BUEsh | ||
| 653 | _bENGARC | ||
| 655 |
_vReading book _934232 |
||
| 700 | 1 |
_912651 _aJokiniemi, Erkki, _eauthor. |
|
| 942 |
_2ddc _cREFERENCE |
||
| 999 |
_c13673 _d13673 |
||